The tailor of Panama

Harry, an ex-con turned tailor to the rich and infamous, is married to Louisa, who is smart and sexy. Andy is a suave and ruthless British spy, who had best come through this time, who forces Harry to eavesdrop on the powerful politicians he clothes. Harry's talent for storytelling is not only...

Full description

Saved in:
Bibliographic Details
Corporate Authors: Columbia Pictures., Merlin Films., Columbia TriStar Home Entertainment (Firm)
Other Authors: Pinter, Harold, 1930-2008., Boorman, John, 1933-, Davies, Andrew, 1936-, Brosnan, Pierce., Rush, Geoffrey, 1951-, Curtis, Jamie Lee, 1958-, Gleeson, Brendan., McCormack, Catherine., Varela, Leonor, 1972-, Ferrero, Martin., Hayman, David., Polito, Jon., Margolis, Mark., Baker, Dylan., Rousselot, Philippe, 1945-, Davis, Ron., Davey, Shaun., Patterson, Maeve., Wallace, Derek., Le Carré, John, 1931-
Format: Slide
Language:English
French
Published: Culver City, CA : Columbia TriStar Home Entertainment, c2001.
Edition:Special ed., widescreen version.
Subjects:
Tags: Add Tag
No Tags, Be the first to tag this record!
LEADER 03498cgm a2200721Ia 4500
001 011761663-X
005 20090417054911.0
008 010829s2001 cau109 e vleng d
020 |a 0767866371 
020 |a 9780767866378 
024 1 |a 043396063952 
028 4 2 |a 06395  |b Columbia TriStar Home Entertainment 
035 0 |a ocm47864159 
040 |a TEF  |c TEF  |d OCLCQ  |d BTCTA  |d OCLCQ  |d OCLCG  |d J9U 
041 1 |a eng  |h fre 
050 4 |a PN1995.9.S68  |b T35 2001 
082 0 4 |a 791.43/72 
245 1 4 |a The tailor of Panama  |h [videorecording] /  |c Columbia Pictures presents a Merlin Films production ; producer, John Boorman ; screenplay writers, Andrew Davies, John le Carré, John Boorman ; director, John Boorman. 
250 |a Special ed., widescreen version. 
260 |a Culver City, CA :  |b Columbia TriStar Home Entertainment,  |c c2001. 
300 |a 1 videodisc (109 min.) :  |b sd., col. ;  |c 4 3/4 in. 
538 |a DVD ; aspect ratio 2.35:1 ; Dolby digital 5.1 or 2.0 surround ; region 1 encoding. 
546 |a English or French audio track with optional English or French subtitles ; closed-captioned in English. 
511 1 |a Pierce Brosnan, Geoffrey Rush, Jamie Lee Curtis, Brendan Gleeson, Catherine McCormack, Leonor Varela, Martin Ferrero, David Hayman, Jon Polito, Mark Margolis, Dylan Baker, Harold Pinter. 
508 |a Director of photography, Philippe Rousselot ; editor, Ron Davis ; music, Shaun Davey ; costume designer, Maeve Patterson ; production designer, Derek Wallace. 
500 |a Based on the novel "The tailor of Panama" by John le Carré. 
500 |a Dual-layer format. 
521 8 |a MPAA rating: R. 
520 |a Harry, an ex-con turned tailor to the rich and infamous, is married to Louisa, who is smart and sexy. Andy is a suave and ruthless British spy, who had best come through this time, who forces Harry to eavesdrop on the powerful politicians he clothes. Harry's talent for storytelling is not only taken as truth, but sets off a series of events that threatens to destroy everything most important in his life. 
500 |a Special features include director's commentary; "The perfect fit": a conversation with Pierce Brosnan and Geoffrey Rush; alternate ending; theatrical trailer; filmographies; interactive menus; production notes; scene selections. 
650 0 |a Spies  |v Drama. 
650 0 |a Tailors  |v Drama. 
651 0 |a Panama Canal (Panama)  |v Drama. 
650 0 |a Feature films. 
650 0 |a Fiction films. 
655 7 |a Video recordings for the hearing impaired.  |2 lcsh 
655 0 |a Films for the hearing impaired. 
655 0 |a DVD-Video discs. 
700 1 |a Pinter, Harold,  |d 1930-2008. 
700 1 |a Boorman, John,  |d 1933- 
700 1 |a Davies, Andrew,  |d 1936- 
700 1 |a Brosnan, Pierce. 
700 1 |a Rush, Geoffrey,  |d 1951- 
700 1 |a Curtis, Jamie Lee,  |d 1958- 
700 1 |a Gleeson, Brendan. 
700 1 |a McCormack, Catherine. 
700 1 |a Varela, Leonor,  |d 1972- 
700 1 |a Ferrero, Martin. 
700 1 |a Hayman, David. 
700 1 |a Polito, Jon. 
700 1 |a Margolis, Mark. 
700 1 |a Baker, Dylan. 
700 1 |a Rousselot, Philippe,  |d 1945- 
700 1 |a Davis, Ron. 
700 1 |a Davey, Shaun. 
700 1 |a Patterson, Maeve. 
700 1 |a Wallace, Derek. 
700 1 |a Le Carré, John,  |d 1931-  |t Tailor of Panama. 
710 2 |a Columbia Pictures. 
710 2 |a Merlin Films. 
710 2 |a Columbia TriStar Home Entertainment (Firm) 
988 |a 20081205 
906 |0 OCLC